Una teoría de la justicia para la democracia : hacer justicia, pensar en igualdad y defender libertades /
Guardado en:
| Autor Principal: | |
|---|---|
| Formato: | Libro |
| Idioma: | Spanish |
| Publicado: |
Ciudad Autónoma de Buenos Aires :
Siglo Veintiuno Editores,
2014.
|
| Edición: | 1a. ed. 1a. reimp. |
| Series: | Política y Derecho / dirigida por Roberto Gargarella y Paola Bergallo
|
| Materias: | |
| Etiquetas: |
Agregar Etiqueta
Sin Etiquetas, Sea el primero en etiquetar este registro!
|
| LEADER | 01232nam a22001815a 4500 | ||
|---|---|---|---|
| 001 | DER.der014711 | ||
| 008 | 220601s2014####ag############000#0#spa#d | ||
| 005 | 20251226125500.0 | ||
| 245 | 1 | 0 | |a Una teoría de la justicia para la democracia : |b hacer justicia, pensar en igualdad y defender libertades / |c Carlos Nino; edición al cuidado de Gustavo Maurino. |
| 250 | |a 1a. ed. 1a. reimp. | ||
| 260 | |a Ciudad Autónoma de Buenos Aires : |b Siglo Veintiuno Editores, |c 2014. | ||
| 300 | |a 304 p. | ||
| 490 | 1 | |a Política y Derecho / dirigida por Roberto Gargarella y Paola Bergallo | |
| 505 | 0 | |a La Constitución como Convención -- ¿Es la tenencia de drogas con fines de consumo personal una de las "acciones privadas de los hombres"? -- Justicia a la conciencia -- derecho penal y democracia -- Conflictos de derechos -- La justificación ética de la contribución impositiva -- Algunas reflexiones sobre el tratamiento legal del aborto y la eutanasia -- La autonomía constitucional -- Los derechos (introducción al libro Rights) -- Sobre los derechos sociales -- La Constitución de Carlos Nino | |
| 020 | |a 9789876293464 | ||
| 100 | 1 | |a Nino, Carlos Santiago. | |
| 650 | 7 | |a DERECHO CONSTITUCIONAL | |
| 859 | |a DERECHO |b BIB. DERECHO |h 342.02 |i NIN |p 0010055 | ||
